Control de la producción (Registro nro. 1588)
[ vista simple ]
| 000 -LEADER | |
|---|---|
| fixed length control field | 01528 a2200205 4500 |
| 001 - CONTROL NUMBER | |
| control field | 27427 |
| 005 - DATE AND TIME OF LATEST TRANSACTION | |
| control field | 20260407155549.0 |
| 008 - FIXED-LENGTH DATA ELEMENTS--GENERAL INFORMATION | |
| fixed length control field | 260407a1968 arg spa d |
| 003 - CONTROL NUMBER IDENTIFIER | |
| control field | AR-UNSa-BCEJYS |
| 040 ## - CATALOGING SOURCE | |
| Original cataloging agency | AR-UNSa-BCEJYS |
| Language of cataloging | spa |
| Transcribing agency | AR-UNSa-BCEJYS |
| 080 ## - UNIVERSAL DECIMAL CLASSIFICATION NUMBER | |
| Universal Decimal Classification number | 658.5 |
| Common auxiliary subdivision | Planificación y control de la producción<br/> |
| 100 1# - MAIN ENTRY--PERSONAL NAME | |
| Personal name | Greene, James H. |
| 245 10 - TITLE STATEMENT | |
| Title | Control de la producción |
| Name of part/section of a work | Sistemas y decisiones |
| 264 #1 - PRODUCTION, PUBLICATION, DISTRIBUTION, MANUFACTURE, AND COPYRIGHT NOTICE | |
| Place of production, publication, distribution, manufacture | México : |
| Name of producer, publisher, distributor, manufacturer | Diana |
| Date of production, publication, distribution, manufacture, or copyright notice | 1968 |
| 300 ## - PHYSICAL DESCRIPTION | |
| Extent | 710 p. |
| Dimensions | 24 cm. |
| 505 ## - FORMATTED CONTENTS NOTE | |
| Formatted contents note | Parte I: Introducción: 1. Diseño de sistemas - 2. La lógica del diseño de sistemas y de la toma de decisiones - 3. Conceptos del control de la producción - Parte II: Dato de entrada al sistema de producción: 4. Información de producto y elaboración - 5. Información de costos - 6. Prediccción de la cantidad - 7. Sistemas de inventario - 8. Decisiones de inventarios - 9. Datos para la programación - Parte III: Diseño de sistemas: 10. La organización y las instalaciones - 11. Sistemas manuales de control - 12. Elaboración de datos en tajetas - 13. Equipo de tarjetas de datos - 14. Equipo de computadoras - 15. Sistemas de computadoras - Parte IV: Toma dedecisiones: 16. Programación gráfica - 17.Programación lineal - 18. Ayudas mecánicas - 19. Analogías de condiciones y modelos herísticos - Parte V: Los sistemas en la práctica : 20. Presentación del diseño de sistemas - 21. Diseño y rediseño - 22. Hoy y mañana. |
| 590 ## - LOCAL NOTE (RLIN) | |
| Local note | niveau_biblio:m niveau_hierar:0 |
| 700 1# - ADDED ENTRY--PERSONAL NAME | |
| Personal name | Blanco, Felix |
| 942 ## - ADDED ENTRY ELEMENTS (KOHA) | |
| Koha item type | |
| Withdrawn status | Lost status | Damaged status | Not for loan | Home library | Current library | Shelving location | Date acquired | Total checkouts | Full call number | Barcode | Date last seen | Price effective from | Koha item type |
|---|---|---|---|---|---|---|---|---|---|---|---|---|---|
| Biblioteca Prof. Eusebio Cleto del Rey | Biblioteca Prof. Eusebio Cleto del Rey | 07/04/2026 | 658.5 G795c | L23284 | 07/04/2026 | 07/04/2026 | Libro | ||||||
| Biblioteca Prof. Eusebio Cleto del Rey | Biblioteca Prof. Eusebio Cleto del Rey | 07/04/2026 | 658.5 G795c | L23285 | 07/04/2026 | 07/04/2026 | Libro |